[Event "CAN-ch U20 2004"]
[Site "Calgary CAN"]
[Date "2004.01.05"]
[Round "8.9"]
[White "Dinca, Cornelia"]
[Black "Baser, Arthur"]
[Result "1-0"]
[WhiteElo "1789"]
[BlackElo "1325"]
[PlyCount "37"]
[GameId "2160767911209093"]
[EventDate "2004.01.02"]
[EventType "swiss"]
[EventRounds "9"]
[EventCountry "CAN"]

1. e4 c5 2. Nf3 d6 3. d4 cxd4 4. Nxd4 Nf6 5. Nc3 a6 6. Be2 e6 7. O-O Be7 8. f4 b5 9. e5 Nd5 10. Nxd5 exd5 11. exd6 Qxd6 12. Bf3 O-O 13. Kh1 Bf6 14. b3 Nc6 15. Nxc6 Bxa1 16. Bxd5 Qd7 17. Ba3 Re8 18. Na7 Re7 19. Bxa8 1-0

[Event "CAN-ch U20 2004"]
[Site "Calgary CAN"]
[Date "2004.01.06"]
[Round "9"]
[White "Davies, Noam"]
[Black "Kaminski, Victor"]
[Result "0-1"]
[WhiteElo "1948"]
[BlackElo "1976"]
[PlyCount "86"]
[GameId "2160767911209094"]
[EventDate "2004.01.02"]
[EventType "swiss"]
[EventRounds "9"]
[EventCountry "CAN"]
[SourceTitle "EXT 2005"]
[Source "ChessBase"]
[SourceDate "2004.11.15"]
[SourceVersion "1"]
[SourceVersionDate "2004.11.15"]
[SourceQuality "1"]

1. e4 c5 2. Nf3 Nc6 3. d4 cxd4 4. Nxd4 Nf6 5. Nc3 g6 6. Be3 Bg7 7. f3 O-O 8. Qd2 d5 9. exd5 Nxd5 10. Nxc6 bxc6 11. Bd4 Nxc3 12. Bxg7 Qxd2+ 13. Kxd2 Ne4+ 14. fxe4 Kxg7 15. Bd3 Be6 16. Rhd1 Kf6 17. Ke3 Ke5 18. Rd2 Rab8 19. b3 Rfd8 20. Rad1 Rd6 21. Be2 Rbd8 22. c4 c5 23. Rxd6 Rxd6 24. Rxd6 Kxd6 25. Kf4 f6 26. h4 h6 27. g4 g5+ 28. hxg5 hxg5+ 29. Ke3 Ke5 30. Bf3 Bd7 31. Bd1 a5 32. a3 e6 33. Bc2 f5 34. exf5 exf5 35. gxf5 Bxf5 36. Bd1 Be4 37. b4 cxb4 38. axb4 axb4 39. Bb3 g4 40. c5 g3 41. Ba4 g2 42. Kf2 Kd5 43. c6 Kd6 0-1

[Event "CAN-ch U20 2004"]
[Site "Calgary CAN"]
[Date "2004.01.06"]
[Round "9.1"]
[White "Quan Zhe"]
[Black "Kazmaier, Daniel"]
[Result "1-0"]
[WhiteElo "2449"]
[BlackElo "1966"]
[PlyCount "61"]
[GameId "2160767911209095"]
[EventDate "2004.01.02"]
[EventType "swiss"]
[EventRounds "9"]
[EventCountry "CAN"]

1. d4 f5 2. g3 Nf6 3. Bg2 g6 4. Nf3 Bg7 5. O-O O-O 6. b4 d5 7. Bb2 Nbd7 8. Nbd2 Ne4 9. c4 e6 10. Qc2 c6 11. a4 b6 12. b5 Bb7 13. Rac1 Rc8 14. cxd5 cxb5 15. Qd1 Rxc1 16. Qxc1 Bxd5 17. axb5 Qb8 18. Nxe4 Bxe4 19. Ng5 Bxg2 20. Kxg2 Rc8 21. Qe3 Re8 22. Qf3 Qd8 23. Qb7 Qc8 24. Qxa7 Qa8+ 25. Qxa8 Rxa8 26. Nxe6 Re8 27. Nxg7 Rxe2 28. Nxf5 Rxb2 29. Nd6 Rd2 30. Re1 Nf8 31. Re4 1-0

[Event "CAN-ch U20 2004"]
[Site "Calgary CAN"]
[Date "2004.01.06"]
[Round "9.2"]
[White "Lipnowski, Samuel"]
[Black "Meng, Fanhao"]
[Result "0-1"]
[WhiteElo "2154"]
[BlackElo "2273"]
[PlyCount "104"]
[GameId "2160767911209096"]
[EventDate "2004.01.02"]
[EventType "swiss"]
[EventRounds "9"]
[EventCountry "CAN"]

1. d4 d5 2. c4 Nc6 3. cxd5 Qxd5 4. e3 e5 5. Nc3 Bb4 6. Bd2 Bxc3 7. Bxc3 exd4 8. Ne2 Bg4 9. f3 Bxf3 10. gxf3 Qxf3 11. Bxd4 Qxh1 12. Bxg7 Qxh2 13. Qa4 O-O-O 14. Bxh8 f6 15. Rd1 Ne5 16. Rxd8+ Kxd8 17. Qe4 c6 18. Bg7 Ke8 19. Qf5 Kf7 20. Bh8 Qh4+ 21. Kd1 Ne7 22. Qc2 Kg8 23. Qc5 N7g6 24. Qxa7 Kxh8 25. Qb8+ Kg7 26. Qxb7+ Kh6 27. Nd4 Qh1 28. Qa6 Ng4 29. Kd2 c5 30. Nf5+ Kg5 31. Bd3 N6e5 32. Nd6 Nf3+ 33. Kc2 Nxe3+ 34. Kb3 Nd2+ 35. Ka3 Qd5 36. b3 Qd4 37. Nf7+ Kh4 38. Qb5 c4 39. Qb8 cxd3 40. Qh2+ Kg4 41. Nh6+ Kg5 42. Nf7+ Kg6 43. Qh6+ Kxf7 44. Qxh7+ Ke6 45. Qg8+ Kf5 46. Qh7+ Kf4 47. Qh2+ Kf3 48. Qh3+ Ke2 49. Qh2+ Kd1 50. Qh1+ Kc2 51. Qc6+ Qc3 52. Qa8 Nxb3 0-1

[Event "CAN-ch U20 2004"]
[Site "Calgary CAN"]
[Date "2004.01.06"]
[Round "9.5"]
[White "Vincent, Trevor"]
[Black "Daswani, Benedict"]
[Result "1-0"]
[WhiteElo "2110"]
[BlackElo "1687"]
[PlyCount "33"]
[GameId "2160767911209098"]
[EventDate "2004.01.02"]
[EventType "swiss"]
[EventRounds "9"]
[EventCountry "CAN"]

1. c4 Nf6 2. g3 g6 3. Bg2 Bg7 4. Nc3 c6 5. e4 O-O 6. Nge2 e5 7. O-O Na6 8. f4 Qb6+ 9. Kh1 Ng4 10. d4 exd4 11. Nxd4 Bxd4 12. Qxg4 Bxc3 13. bxc3 d5 14. f5 dxe4 15. Qh4 Bxf5 16. Rxf5 gxf5 17. Qg5+ 1-0

[Event "CAN-ch U20 2004"]
[Site "Calgary CAN"]
[Date "2004.01.06"]
[Round "9.6"]
[White "Wong, Wylon"]
[Black "Davies, Lucas"]
[Result "1/2-1/2"]
[WhiteElo "1922"]
[BlackElo "2133"]
[PlyCount "66"]
[GameId "2160767911209099"]
[EventDate "2004.01.02"]
[EventType "swiss"]
[EventRounds "9"]
[EventCountry "CAN"]

1. d4 Nf6 2. c4 e6 3. Nf3 Bb4+ 4. Bd2 Qe7 5. Nc3 O-O 6. e3 d5 7. a3 Bxc3 8. Bxc3 b6 9. c5 bxc5 10. dxc5 Ne4 11. Qd4 Nxc3 12. Qxc3 c6 13. Be2 Ba6 14. Bxa6 Nxa6 15. b4 Qb7 16. O-O Nc7 17. Nd4 Nb5 18. Nxb5 Qxb5 19. Rfb1 Qa4 20. Qb3 Qxb3 21. Rxb3 Rfb8 22. a4 a6 23. Kf1 Rb7 24. Ke2 Kf8 25. Rab1 Rab8 26. Kd3 Ke7 27. Kd4 Kd7 28. R3b2 f6 29. f3 e5+ 30. Kc3 Ke6 31. Rb3 Kd7 32. g3 Ke7 33. R3b2 Kd7 1/2-1/2

[Event "CAN-ch U20 2004"]
[Site "Calgary CAN"]
[Date "2004.01.06"]
[Round "9.7"]
[White "Dinca, Cornelia"]
[Black "Juma, Sadiq"]
[Result "1-0"]
[WhiteElo "1789"]
[BlackElo "1646"]
[PlyCount "69"]
[GameId "2160767911209100"]
[EventDate "2004.01.02"]
[EventType "swiss"]
[EventRounds "9"]
[EventCountry "CAN"]

1. e4 c5 2. Nf3 d6 3. d4 cxd4 4. Nxd4 Nf6 5. Nc3 a6 6. Be2 e5 7. Nf3 h6 8. h3 Be6 9. O-O Be7 10. Re1 Nbd7 11. Bf1 O-O 12. Nd5 Nxd5 13. exd5 Bf5 14. c4 Bh7 15. b3 f5 16. Bb2 Bg6 17. Be2 Bh5 18. Nd4 Bxe2 19. Qxe2 Qb6 20. Qh5 Rf7 21. Nxf5 Raf8 22. Nxe7+ Kh7 23. Ng6 Qxf2+ 24. Kh1 Qxb2 25. Nxf8+ Rxf8 26. Qe2 Qd4 27. Rad1 Qh4 28. Rf1 Rf6 29. Rf3 Qg5 30. Qd3+ Qg6 31. Rxf6 Nxf6 32. b4 Qxd3 33. Rxd3 Kg6 34. c5 Kf5 35. Rf3+ 1-0

[Event "CAN-ch U20 2004"]
[Site "Calgary CAN"]
[Date "2004.01.06"]
[Round "9.8"]
[White "Hutchison, Jason"]
[Black "Kaminski, Thomas"]
[Result "0-1"]
[WhiteElo "1368"]
[BlackElo "1784"]
[PlyCount "52"]
[GameId "2160767911209101"]
[EventDate "2004.01.02"]
[EventType "swiss"]
[EventRounds "9"]
[EventCountry "CAN"]

1. e4 e5 2. Nf3 Nc6 3. Bb5 a6 4. Bxc6 dxc6 5. O-O Bd6 6. Nc3 Nf6 7. d3 Bg4 8. Bg5 Qe7 9. Re1 O-O-O 10. a3 h6 11. Bxf6 Qxf6 12. h3 Be6 13. d4 exd4 14. Nxd4 Bc5 15. Nce2 Bxd4 16. Nxd4 Qxd4 17. Qxd4 Rxd4 18. c3 Rd2 19. b4 Rhd8 20. f4 Rc2 21. Re3 Rdd2 22. Rg3 g6 23. Rf1 Bc4 24. Rff3 Rd1+ 25. Kh2 Rcc1 26. Rg4 Be2 0-1

[Event "CAN-ch U20 2004"]
[Site "Calgary CAN"]
[Date "2004.01.06"]
[Round "9.9"]
[White "Palmer, Jordan"]
[Black "Baser, Arthur"]
[Result "1-0"]
[WhiteElo "1906"]
[BlackElo "1325"]
[PlyCount "41"]
[GameId "2160767911209102"]
[EventDate "2004.01.02"]
[EventType "swiss"]
[EventRounds "9"]
[EventCountry "CAN"]

1. e4 c5 2. f4 Nc6 3. Nf3 e5 4. fxe5 Nxe5 5. Nxe5 Qh4+ 6. g3 Qxe4+ 7. Qe2 Qxh1 8. Ng6+ Be7 9. Nxh8 Nf6 10. d3 Kf8 11. Bg5 d6 12. Nc3 Be6 13. O-O-O Qc6 14. Re1 Qd7 15. Ne4 Kg8 16. Nxf7 Bxf7 17. Nxc5 dxc5 18. Qxe7 Qxe7 19. Rxe7 b6 20. Bg2 Nd5 21. Rxf7 1-0

[Event "CAN-ch playoff 3rd"]
[Site "Toronto CAN"]
[Date "2004.08.30"]
[Round "1"]
[White "Krnan, Tomas"]
[Black "Bluvshtein, Mark"]
[Result "0-1"]
[WhiteElo "2331"]
[BlackElo "2462"]
[PlyCount "52"]
[GameId "2160767911077804"]
[EventDate "2004.08.30"]
[EventType "tourn (rapid)"]
[EventRounds "6"]
[EventCountry "CAN"]
[EventCategory "8"]
[SourceTitle "CBM 102 Extra"]
[Source "ChessBase"]
[SourceDate "2004.11.03"]
[SourceVersion "1"]
[SourceVersionDate "2004.11.03"]
[SourceQuality "1"]

1. e4 e5 2. Nf3 Nf6 3. Nc3 Nc6 4. d4 exd4 5. Nd5 Be7 6. Bf4 d6 7. Nxd4 O-O 8. Nb5 Nxd5 9. exd5 Ne5 10. Be2 Bf6 11. Nc3 Bf5 12. O-O Nd7 13. Bd3 Bxd3 14. Qxd3 Nc5 15. Qf3 Qd7 16. Ne4 Nxe4 17. Qxe4 Rfe8 18. Qd3 Qa4 19. c4 b5 20. Rac1 Bxb2 21. Rc2 Bf6 22. Be3 b4 23. c5 dxc5 24. Rxc5 Be5 25. Qb3 Qxb3 26. axb3 a5 0-1

[Event "CAN-ch playoff 3rd"]
[Site "Toronto CAN"]
[Date "2004.08.30"]
[Round "1"]
[White "Zugic, Igor"]
[Black "Tyomkin, Dimitri"]
[Result "1-0"]
[WhiteElo "2465"]
[BlackElo "2498"]
[PlyCount "99"]
[GameId "2160767911077805"]
[EventDate "2004.08.30"]
[EventType "tourn (rapid)"]
[EventRounds "6"]
[EventCountry "CAN"]
[EventCategory "8"]
[SourceTitle "CBM 102 Extra"]
[Source "ChessBase"]
[SourceDate "2004.11.03"]
[SourceVersion "1"]
[SourceVersionDate "2004.11.03"]
[SourceQuality "1"]

1. Nf3 Nf6 2. c4 g6 3. Nc3 d5 4. Qa4+ Bd7 5. Qb3 dxc4 6. Qxc4 a6 7. e4 b5 8. Qe2 c5 9. e5 Nh5 10. d4 Nc6 11. d5 Nd4 12. Nxd4 cxd4 13. Ne4 Bg7 14. g4 d3 15. Qf3 f5 16. Ng5 h6 17. e6 hxg5 18. exd7+ Qxd7 19. gxh5 Rxh5 20. Qxd3 Qd6 21. h3 Rh4 22. Bg2 Rd4 23. Qe2 Qb4+ 24. Kf1 Rc8 25. Bxg5 Qd6 26. Re1 Bf6 27. Bxf6 Qxf6 28. Bf3 Rdc4 29. Qe5 Qxe5 30. Rxe5 Kf7 31. Kg2 Rc2 32. Rhe1 R8c7 33. R1e2 R2c5 34. Re6 a5 35. a3 b4 36. axb4 axb4 37. Rb6 Rc2 38. Rxc2 Rxc2 39. Rxb4 Kf6 40. Rb6+ Kg5 41. b4 Kf4 42. Rxg6 Rb2 43. Re6 Rxb4 44. Rxe7 Rb3 45. Re3 Rb8 46. d6 Rg8+ 47. Kf1 Rd8 48. Rd3 Ke5 49. d7 Ke6 50. Bc6 1-0

[Event "CAN-ch playoff 3rd"]
[Site "Toronto CAN"]
[Date "2004.08.30"]
[Round "2"]
[White "Tyomkin, Dimitri"]
[Black "Bluvshtein, Mark"]
[Result "1/2-1/2"]
[WhiteElo "2498"]
[BlackElo "2462"]
[PlyCount "51"]
[GameId "2160767911077806"]
[EventDate "2004.08.30"]
[EventType "tourn (rapid)"]
[EventRounds "6"]
[EventCountry "CAN"]
[EventCategory "8"]
[SourceTitle "CBM 102 Extra"]
[Source "ChessBase"]
[SourceDate "2004.11.03"]
[SourceVersion "1"]
[SourceVersionDate "2004.11.03"]
[SourceQuality "1"]

1. Nf3 Nf6 2. g3 d5 3. Bg2 c6 4. O-O Bg4 5. d4 Nbd7 6. Nbd2 e6 7. h3 Bh5 8. Re1 Be7 9. e4 dxe4 10. Nxe4 Nxe4 11. Rxe4 Nf6 12. Re1 O-O 13. c3 a5 14. Bg5 Nd5 15. Bxe7 Qxe7 16. a4 Rfd8 17. Qb3 Bxf3 18. Bxf3 Qc7 19. Bxd5 exd5 20. Qc2 Re8 21. Qd2 f6 22. Rxe8+ Rxe8 23. Re1 Rxe1+ 24. Qxe1 Kf7 25. Kg2 Qe7 26. Qxe7+ 1/2-1/2

[Event "CAN-ch playoff 3rd"]
[Site "Toronto CAN"]
[Date "2004.08.30"]
[Round "2"]
[White "Zugic, Igor"]
[Black "Krnan, Tomas"]
[Result "1/2-1/2"]
[WhiteElo "2465"]
[BlackElo "2331"]
[PlyCount "80"]
[GameId "2160767911077807"]
[EventDate "2004.08.30"]
[EventType "tourn (rapid)"]
[EventRounds "6"]
[EventCountry "CAN"]
[EventCategory "8"]
[SourceTitle "CBM 102 Extra"]
[Source "ChessBase"]
[SourceDate "2004.11.03"]
[SourceVersion "1"]
[SourceVersionDate "2004.11.03"]
[SourceQuality "1"]

1. c4 Nf6 2. Nc3 g6 3. g3 Bg7 4. Bg2 O-O 5. Nf3 d6 6. O-O e5 7. d3 Nbd7 8. Rb1 Re8 9. Nd2 a5 10. a3 c6 11. b4 axb4 12. axb4 Nb6 13. c5 Nbd5 14. Nce4 dxc5 15. bxc5 Nxe4 16. Nxe4 Bf8 17. Qb3 Ra5 18. Bg5 Be7 19. Bxe7 Rxe7 20. Qc2 Be6 21. Rb2 f5 22. Nd6 b6 23. Nc4 Rxc5 24. Qd2 Bf7 25. Nxe5 Nc3 26. d4 Nxe2+ 27. Kh1 Qxd4 28. Nxc6 Rxc6 29. Bxc6 Qc4 30. Bg2 b5 31. Re1 Re8 32. Rc2 Nxg3+ 33. hxg3 Rxe1+ 34. Kh2 Qe6 35. Rc6 Qe7 36. Rc8+ Kg7 37. Qb2+ Qe5 38. Qb4 Qe7 39. Qb2+ Qe5 40. Qb4 Qe7 1/2-1/2

[Event "CAN-ch playoff 3rd"]
[Site "Toronto CAN"]
[Date "2004.08.30"]
[Round "3"]
[White "Bluvshtein, Mark"]
[Black "Zugic, Igor"]
[Result "1/2-1/2"]
[WhiteElo "2462"]
[BlackElo "2465"]
[PlyCount "38"]
[GameId "2160767911077808"]
[EventDate "2004.08.30"]
[EventType "tourn (rapid)"]
[EventRounds "6"]
[EventCountry "CAN"]
[EventCategory "8"]
[SourceTitle "CBM 102 Extra"]
[Source "ChessBase"]
[SourceDate "2004.11.03"]
[SourceVersion "1"]
[SourceVersionDate "2004.11.03"]
[SourceQuality "1"]

1. d4 d5 2. c4 c6 3. Nf3 Nf6 4. Nc3 a6 5. cxd5 cxd5 6. Bf4 Nc6 7. Rc1 e6 8. Ne5 Bd6 9. Nxc6 bxc6 10. Bxd6 Qxd6 11. Qd2 O-O 12. e3 c5 13. dxc5 Qxc5 14. Ne4 Qe7 15. Nxf6+ Qxf6 16. Be2 Bd7 17. O-O Bb5 18. Rc5 Bxe2 19. Qxe2 a5 1/2-1/2

[Event "CAN-ch playoff 3rd"]
[Site "Toronto CAN"]
[Date "2004.08.30"]
[Round "3"]
[White "Krnan, Tomas"]
[Black "Tyomkin, Dimitri"]
[Result "1/2-1/2"]
[WhiteElo "2331"]
[BlackElo "2498"]
[PlyCount "35"]
[GameId "2160767911077809"]
[EventDate "2004.08.30"]
[EventType "tourn (rapid)"]
[EventRounds "6"]
[EventCountry "CAN"]
[EventCategory "8"]
[SourceTitle "CBM 102 Extra"]
[Source "ChessBase"]
[SourceDate "2004.11.03"]
[SourceVersion "1"]
[SourceVersionDate "2004.11.03"]
[SourceQuality "1"]

1. e4 c5 2. Nf3 Nc6 3. d4 cxd4 4. Nxd4 Nf6 5. Nc3 d6 6. Bg5 e6 7. Qd2 a6 8. O-O-O Be7 9. f4 Bd7 10. Nf3 b5 11. Bxf6 gxf6 12. g3 Qb6 13. f5 O-O-O 14. Bh3 Kb8 15. Ne2 Rhe8 16. Nf4 Bf8 17. Nh5 Ne5 18. Nxe5 1/2-1/2

[Event "CAN-ch playoff 3rd"]
[Site "Toronto CAN"]
[Date "2004.08.30"]
[Round "4"]
[White "Bluvshtein, Mark"]
[Black "Krnan, Tomas"]
[Result "1-0"]
[WhiteElo "2462"]
[BlackElo "2331"]
[PlyCount "20"]
[GameId "2160767911077810"]
[EventDate "2004.08.30"]
[EventType "tourn (rapid)"]
[EventRounds "6"]
[EventCountry "CAN"]
[EventCategory "8"]
[SourceTitle "CBM 102 Extra"]
[Source "ChessBase"]
[SourceDate "2004.11.03"]
[SourceVersion "1"]
[SourceVersionDate "2004.11.03"]
[SourceQuality "1"]

1. d4 Nf6 2. c4 g6 3. Nc3 Bg7 4. e4 O-O 5. Nf3 d6 6. Be2 e5 7. d5 a5 8. Be3 Ng4 9. Bg5 f6 10. Bh4 h5 1-0

[Event "CAN-ch playoff 3rd"]
[Site "Toronto CAN"]
[Date "2004.08.30"]
[Round "4"]
[White "Tyomkin, Dimitri"]
[Black "Zugic, Igor"]
[Result "0-1"]
[WhiteElo "2498"]
[BlackElo "2465"]
[PlyCount "25"]
[GameId "2160767911077811"]
[EventDate "2004.08.30"]
[EventType "tourn (rapid)"]
[EventRounds "6"]
[EventCountry "CAN"]
[EventCategory "8"]
[SourceTitle "CBM 102 Extra"]
[Source "ChessBase"]
[SourceDate "2004.11.03"]
[SourceVersion "1"]
[SourceVersionDate "2004.11.03"]
[SourceQuality "1"]

1. d4 Nf6 2. Nf3 e6 3. Bg5 c5 4. e3 b6 5. c3 Bb7 6. Nbd2 Be7 7. Bd3 d6 8. O-O Nbd7 9. Qe2 O-O 10. Ba6 Bxa6 11. Qxa6 Qc8 12. Qe2 d5 13. e4 0-1

[Event "CAN-ch playoff 3rd"]
[Site "Toronto CAN"]
[Date "2004.08.30"]
[Round "5"]
[White "Bluvshtein, Mark"]
[Black "Tyomkin, Dimitri"]
[Result "1-0"]
[WhiteElo "2462"]
[BlackElo "2498"]
[PlyCount "93"]
[GameId "2160767911077812"]
[EventDate "2004.08.30"]
[EventType "tourn (rapid)"]
[EventRounds "6"]
[EventCountry "CAN"]
[EventCategory "8"]
[SourceTitle "CBM 102 Extra"]
[Source "ChessBase"]
[SourceDate "2004.11.03"]
[SourceVersion "1"]
[SourceVersionDate "2004.11.03"]
[SourceQuality "1"]

1. e4 c5 2. Nf3 e6 3. d4 cxd4 4. Nxd4 a6 5. Bd3 Qc7 6. O-O Nf6 7. Qe2 d6 8. c4 Be7 9. Nc3 O-O 10. f4 Nbd7 11. Kh1 Rb8 12. Bd2 b6 13. Rae1 Bb7 14. e5 Ne8 15. f5 Nxe5 16. fxe6 Nf6 17. exf7+ Rxf7 18. Ne6 Qc6 19. Nf4 Rbf8 20. Bf5 Bc8 21. Ne6 Qxc4 22. Nxf8 Bxf5 23. Rxf5 Qxe2 24. Rxe2 Bxf8 25. Kg1 h6 26. Be3 b5 27. Bd4 Nfd7 28. Rxf7 Kxf7 29. Nd5 Be7 30. Nc7 Bf6 31. Nxa6 Nf3+ 32. gxf3 Bxd4+ 33. Kg2 Nf6 34. Rd2 Be5 35. Nc7 b4 36. Na6 Nh5 37. Nxb4 Nf4+ 38. Kf1 Ke6 39. a4 Kd7 40. a5 Kc7 41. Rc2+ Kb7 42. a6+ Kb6 43. Rc6+ Ka7 44. Rc7+ Kb8 45. Rf7 Ka8 46. Nc6 Ne6 47. Ra7# 1-0

[Event "CAN-ch playoff 3rd"]
[Site "Toronto CAN"]
[Date "2004.08.30"]
[Round "5"]
[White "Krnan, Tomas"]
[Black "Zugic, Igor"]
[Result "1/2-1/2"]
[WhiteElo "2331"]
[BlackElo "2465"]
[PlyCount "106"]
[GameId "2160767911077813"]
[EventDate "2004.08.30"]
[EventType "tourn (rapid)"]
[EventRounds "6"]
[EventCountry "CAN"]
[EventCategory "8"]
[SourceTitle "CBM 102 Extra"]
[Source "ChessBase"]
[SourceDate "2004.11.03"]
[SourceVersion "1"]
[SourceVersionDate "2004.11.03"]
[SourceQuality "1"]

1. e4 Nf6 2. e5 Nd5 3. d4 d6 4. c4 Nb6 5. exd6 exd6 6. Nc3 Be7 7. Nf3 O-O 8. Be2 Bg4 9. O-O c6 10. b3 Re8 11. h3 Bh5 12. Be3 d5 13. c5 N6d7 14. Qd2 Nf8 15. Rfe1 Nbd7 16. Bg5 Bxg5 17. Qxg5 Bxf3 18. Qxd8 Raxd8 19. Bxf3 Nf6 20. Kf1 Ne6 21. Rad1 Ng5 22. Be2 Kf8 23. Bd3 Nge4 24. Nxe4 dxe4 25. Bc4 Re7 26. Ke2 Nd5 27. Bxd5 Rxd5 28. Ke3 f5 29. g3 Kf7 30. b4 Red7 31. a4 a6 32. Re2 Ke6 33. f3 exf3 34. Kxf3+ Kf6 35. Red2 Re7 36. b5 axb5 37. axb5 g5 38. Rb1 h5 39. bxc6 bxc6 40. Rb6 Re6 41. Re2 g4+ 42. Kf2 Rxd4 43. Rxe6+ Kxe6 44. Rxc6+ Kd5 45. Rf6 Ke5 46. Rh6 Rc4 47. c6 Rc3 48. Rg6 Kd5 49. Rf6 Ke4 50. Re6+ Kd4 51. Rd6+ Ke5 52. Rg6 Kd5 53. Rf6 Ke5 1/2-1/2

[Event "CAN-ch playoff 3rd"]
[Site "Toronto CAN"]
[Date "2004.08.30"]
[Round "6"]
[White "Tyomkin, Dimitri"]
[Black "Krnan, Tomas"]
[Result "1-0"]
[WhiteElo "2498"]
[BlackElo "2331"]
[PlyCount "97"]
[GameId "2160767911077814"]
[EventDate "2004.08.30"]
[EventType "tourn (rapid)"]
[EventRounds "6"]
[EventCountry "CAN"]
[EventCategory "8"]
[SourceTitle "CBM 102 Extra"]
[Source "ChessBase"]
[SourceDate "2004.11.03"]
[SourceVersion "1"]
[SourceVersionDate "2004.11.03"]
[SourceQuality "1"]

1. d4 Nf6 2. Nf3 g6 3. Bg5 Bg7 4. Nbd2 O-O 5. c3 d6 6. e4 c5 7. dxc5 dxc5 8. Bc4 Nc6 9. O-O h6 10. Bh4 Bg4 11. Qc2 Na5 12. Be2 Nh5 13. Rfe1 g5 14. Bg3 Nxg3 15. hxg3 Qc7 16. Nf1 e6 17. N3h2 Bxe2 18. Qxe2 Nc6 19. Ng4 Ne5 20. f4 Nxg4 21. Qxg4 f5 22. exf5 exf5 23. Qf3 Rad8 24. Rad1 Qb6 25. Qe2 Rde8 26. Qxe8 Rxe8 27. Rxe8+ Kf7 28. Re2 Qa6 29. Rd7+ Kg6 30. Red2 Qxa2 31. Rxb7 gxf4 32. gxf4 Qc4 33. Rd6+ Bf6 34. Rxa7 Qxf4 35. Raa6 Qc1 36. Rxf6+ Kg5 37. Rxh6 Qxb2 38. Rag6+ Kf4 39. Rh3 c4 40. Rf3+ Ke5 41. Rg5 Qc1 42. Rgxf5+ Ke6 43. R5f4 Kd5 44. Rd4+ Kc5 45. Rf5+ Kb6 46. Rd6+ Kc7 47. Rg6 Kd7 48. Rf7+ Ke8 49. Ra7 1-0

[Event "CAN-ch playoff 3rd"]
[Site "Toronto CAN"]
[Date "2004.08.30"]
[Round "6"]
[White "Zugic, Igor"]
[Black "Bluvshtein, Mark"]
[Result "1/2-1/2"]
[WhiteElo "2465"]
[BlackElo "2462"]
[PlyCount "65"]
[GameId "2160767911077815"]
[EventDate "2004.08.30"]
[EventType "tourn (rapid)"]
[EventRounds "6"]
[EventCountry "CAN"]
[EventCategory "8"]
[SourceTitle "CBM 102 Extra"]
[Source "ChessBase"]
[SourceDate "2004.11.03"]
[SourceVersion "1"]
[SourceVersionDate "2004.11.03"]
[SourceQuality "1"]

1. c4 Nf6 2. Nc3 e6 3. e4 c5 4. e5 Ng8 5. Nf3 Nc6 6. d4 cxd4 7. Nxd4 Nxe5 8. Ndb5 f6 9. Be3 a6 10. Nd6+ Bxd6 11. Qxd6 Ne7 12. Bb6 Nf5 13. Qb4 Qe7 14. c5 d5 15. cxd6 Qxd6 16. Qxd6 Nxd6 17. O-O-O Ndf7 18. Bc5 Bd7 19. f4 Rc8 20. Bb4 Nc6 21. Bc5 Nce5 22. Bf2 Ng6 23. g3 Ne7 24. Kb1 Bc6 25. Rg1 Nd5 26. Bh3 Nxc3+ 27. bxc3 f5 28. Kb2 O-O 29. Bd4 Nd6 30. g4 Nc4+ 31. Kc1 g6 32. Rde1 Be4 33. Bf1 1/2-1/2

[Event "CAN-ch senior Active"]
[Site "Toronto CAN"]
[Date "2004.11.13"]
[Round "4"]
[White "Day, Lawrence"]
[Black "Chidley-Hill, John"]
[Result "1-0"]
[WhiteElo "2473"]
[BlackElo "1871"]
[PlyCount "145"]
[GameId "2160767911052547"]
[EventDate "2004.11.13"]
[EventType "swiss (rapid)"]
[EventRounds "5"]
[EventCountry "CAN"]

1. Nf3 Nf6 2. d3 d5 3. h3 c5 4. c3 Nc6 5. Bf4 Bf5 6. Nbd2 e6 7. g4 Bg6 8. Nh4 Be7 9. Bg2 Qb6 10. Nxg6 hxg6 11. Qc2 e5 12. Bg3 O-O-O 13. a3 Bd6 14. g5 Nh5 15. Bxd5 Nxg3 16. fxg3 Be7 17. Bxf7 Bxg5 18. O-O-O Na5 19. Kb1 Bxd2 20. Rxd2 Rhf8 21. Ba2 Rf6 22. h4 Qd6 23. Qa4 Nc6 24. Qe4 Rdf8 25. Bb3 Na5 26. Ba2 Kc7 27. Rc1 Rf2 28. b4 Nc6 29. Bd5 Rh2 30. Rb2 Rff2 31. bxc5 Qxc5 32. Ka2 b6 33. Bxc6 Qxc6 34. Qxe5+ Qd6 35. Qxg7+ Kc6 36. Qxa7 Rxe2 37. Qxb6+ Kd7 38. Qxd6+ Kxd6 39. Rxe2 Rxe2+ 40. Kb3 Re3 41. d4 Rxg3 42. a4 Rg4 43. Rh1 Kc6 44. Kc4 Kb6 45. Rb1+ Kc6 46. a5 Rxh4 47. Rb6+ Kc7 48. Rxg6 Kb7 49. Kc5 Rh5+ 50. d5 Rf5 51. c4 Rh5 52. Kb5 Kc7 53. a6 Rh7 54. c5 Rf7 55. Rb6 Rf1 56. Rb7+ Kc8 57. Rh7 Kb8 58. d6 Ra1 59. Rh8+ Ka7 60. Rh7+ Ka8 61. d7 Rd1 62. c6 Kb8 63. Kb6 Rb1+ 64. Kc5 Rc1+ 65. Kd6 Rd1+ 66. Ke7 Kc7 67. a7 Re1+ 68. Kf6 Rf1+ 69. Kg7 Rg1+ 70. Kh8 Ra1 71. Kg8 Rxa7 72. d8=Q+ Kxd8 73. Rxa7 1-0

[Event "CAN-ch w"]
[Site "Toronto CAN"]
[Date "2004.04.09"]
[Round "1.1"]
[White "Khoudgarian, Natalia"]
[Black "Charbonneau, Anne-Marie"]
[Result "1-0"]
[WhiteElo "2304"]
[BlackElo "2012"]
[PlyCount "43"]
[GameId "2160767911166757"]
[EventDate "2004.04.09"]
[EventType "swiss"]
[EventRounds "6"]
[EventCountry "CAN"]

1. e4 c5 2. c3 Nf6 3. e5 Nd5 4. Nf3 e6 5. Bc4 d6 6. d4 cxd4 7. cxd4 Nc6 8. O-O Be7 9. Re1 O-O 10. a3 b6 11. Nbd2 Bb7 12. Ne4 dxe5 13. dxe5 Nb8 14. Bg5 Bxg5 15. Nfxg5 Nf4 16. Qg4 Bxe4 17. Rxe4 Nd5 18. Nxe6 fxe6 19. Qxe6+ Kh8 20. Bxd5 Na6 21. Bxa8 Nc5 22. Qd5 1-0

[Event "CAN-ch w"]
[Site "Toronto CAN"]
[Date "2004.04.09"]
[Round "1.2"]
[White "Kagramanov, Dina"]
[Black "Starr (Shterenberg), Nava"]
[Result "1/2-1/2"]
[WhiteElo "2005"]
[BlackElo "2275"]
[PlyCount "77"]
[GameId "2160767911166758"]
[EventDate "2004.04.09"]
[EventType "swiss"]
[EventRounds "6"]
[EventCountry "CAN"]

1. e4 e5 2. Nf3 d6 3. d4 exd4 4. Nxd4 Nf6 5. Nc3 Be7 6. Be2 O-O 7. O-O a6 8. a4 c5 9. Nf3 Nc6 10. h3 Be6 11. Bg5 Rb8 12. Qd2 Qc7 13. Rfd1 Rfd8 14. Bf4 h6 15. Nd5 Bxd5 16. exd5 Ne5 17. a5 Nfd7 18. Nxe5 Nxe5 19. Qe3 Bf6 20. Qg3 Ng6 21. Bc1 Be5 22. Qg4 Qe7 23. Bd3 Qf6 24. c3 Nf4 25. Bxf4 Qxf4 26. Qxf4 Bxf4 27. g3 Be5 28. Re1 Re8 29. Re2 Kf8 30. Rae1 Bf6 31. Rxe8+ Rxe8 32. Rxe8+ Kxe8 33. Bf5 Kd8 34. h4 g6 35. Bg4 Kc7 36. Kf1 h5 37. Bh3 Bd8 38. Ke2 f5 39. Kd3 1/2-1/2